000 01681nam a2200373 c 4500
003 BLK
005 20230726005223.0
008 180411b bul|||||r ||||||| ||bul||
010 _aKNG00207099000
020 _a978-954-326-248-9
_bиздат.: Парадигма
040 _aBLK
041 _aBUL
_cBUL
072 7 _2bullib
_aН32
_xПолитика Н
080 _aПолитика. Вж и 341 ; 342
_b32
_x(497)(062.2)
_z32(497)(062.2)
700 1 _aКостов, Александър Григоров
_eсъстав.
_9348008
139 _aБалканите през второто десетилетие на ХХІ век
_bБ 23
245 1 0 _aБалканите през второто десетилетие на ХХІ век
_bПроблеми, предизвикателства, перспективи
_cсъстав. Александър Григоров Костов.
257 _aBGR
260 София
_bПарадигма
_c2015
_fСофия : Булгед
300 _a388 с.
_c24 см
380 _a9
500 _aИзд. на БАН. Инст. за балканистика с Център по тракология. - Библиогр. и бел. след отд. статии.
650 4 _aБалкански полуостров - политика
_9277179
651 7 _aБалкански страни
_2
_9178568
653 _aполитика
653 _aХХІ в.
659 _aН
852 _aЦб 285860
856 4 _qpdf
_u
856 4 _qpdf
_u
942 _cKNG
_n0
_03
944 _aCR
_c27.05.2017
_lCRON CRON
_k
944 _aED
_c09.06.2017
_lф /
_kЛюдмила_Стоянова
999 _c197810
_d197810